00689nam a2200169 a 450000100100000000500170001000800410002704000250006810000260009324500740011924600600019326000370025330000430029050000630033395201060039699900170050200004136020201002034824.0131001s2007 dr acd 000 0 spa d aDO-SdBNPbspacBNPHU1 aVicente, Pablo96800814aLas cañitas :borigen y perpectivas de desarrollo /cPablo Vicente.14aBarrio las Cañitaborigen y perpectivas de desarrollo aSanto Domingo :bDigdiag,c2007. a72 p. :bil.,gráf., retrs. ;c21 cm. aIncluye datos biográficos del autor en la contracubierta 00107-18PDaPDbPDcOId2013-10-01iLF1l0o p41360-10r2020-06-25w2020-06-25yLFPDZNo se presta c40850d40850